00965nam a22002657a 45000010005000000030006000050050017000110080041000280200015000690400029000840500016001130820011001291000020001402450099001602500046002592600037003053000048003424900015003905050009004055200179004145210030005935210021006236500021006447000034006657392FISKH20250711144132.0250711b cb ||||| |||| 00| 0 eng d a0590129023 aFISKHbengcFISKHdFISKH aPZ7.A2615 C a813.54 aAdler, David A. aCam Jansen and the chocolate fudge mystery /cBy David A. Adler : Illustrated by Susanna Natti aFirst Scholastic printing, September 1997 aNew York : bScholastic, c1993. a58 pages : bcolor illustrations ;c20 cm . aCam Jansen aL  aWhen Cam Jansen and her friend Eric uncover a mystery while selling fudge door-to-door to raise money for the local library, Cam uses her photographic memory to foil a crime.8 a530 bLexile estimate 8 aL bRaz-Plus  aMysteryvFiction aNatti, Susanna eIllustrator